Tilastot visalle Kemia 8 lk Osa alkuaineista!

Klikkaa tästä pelataksesi tätä visaa!

Yleistilastot

  • Tätä visaa on pelattu 352 kertaa
  • Keskiarvotulos 30 / 37

Vastaustilastot

MerkkiVastaus% Oikein
Hvety
91%
Hehelium
88%
Nanatrium
88%
Mgmagnesium
87%
Chiili
86%
Ffluori
85%
Ohappi
85%
Aukulta
84%
Pblyijy
84%
Alalumiini
83%
Cakalsium
83%
Cukupari
83%
Ferauta
83%
Arargon
82%
Bboori
82%
Ijodi
82%
Kkalium
82%
Clkloori
82%
Lilitium
82%
Sipii
82%
Ptplatina
82%
Brbromi
81%
Hgelohopea
80%
Neneon
80%
Srikki
80%
Tititaani
80%
Ntyppi
80%
Crkromi
79%
Ninikkeli
79%
Rnradon
79%
Znsinkki
79%
Aghopea
78%
Sntina
78%
Xeksenon
77%
Beberyllium
74%
Pfosfori
74%
Krkrypton
68%

Tulosjakauma

Persentiili vastausten määrän mukaan

Jokaisen tuloksen saaneiden osuus

Tuloshistoriasi

Et ole pelannut tätä visaa